Hiệu ứng tháng trong sự thay đổi và biến động giá của cổ phiếu trên Sở Giao dịch chứng khoán thành phố Hồ Chí Minh : Luận văn tốt nghiệp Thạc sĩ chuyên ngành: Tài chính - Ngân hàng

Mục tiêu của nghiên cứu này là kiểm định giả thuyết về sự tồn tại hiệu ứng tháng (monthly effect) trong sự thay đổi và biến động giá của cổ phiếu trên Sở Giao dịch chứng khoán thành phố Hồ Chí Minh (HOSE). Số liệu được sử dụng trong ngh...

全面介紹

Đã lưu trong:
書目詳細資料
主要作者: Lê, Hà Trang Nhã
格式: 圖書
語言:Undetermined
出版: Cần Thơ Trường Đại học Cần Thơ 2020
主題:
標簽: 添加標簽
沒有標簽, 成為第一個標記此記錄!
Thư viện lưu trữ: Trung tâm Học liệu Trường Đại học Cần Thơ
LEADER 01962nam a2200229Ia 4500
001 CTU_237768
008 210402s9999 xx 000 0 und d
082 |a 332.642 
082 |b Nh100 
088 |a 8340201 
100 |a Lê, Hà Trang Nhã 
245 0 |a Hiệu ứng tháng trong sự thay đổi và biến động giá của cổ phiếu trên Sở Giao dịch chứng khoán thành phố Hồ Chí Minh : 
245 0 |b Luận văn tốt nghiệp Thạc sĩ chuyên ngành: Tài chính - Ngân hàng 
245 0 |c Lê Hà Trang Nhã ; Trương Đông Lộc (hướng dẫn khoa học) 
260 |a Cần Thơ 
260 |b Trường Đại học Cần Thơ 
260 |c 2020 
520 |a Mục tiêu của nghiên cứu này là kiểm định giả thuyết về sự tồn tại hiệu ứng tháng (monthly effect) trong sự thay đổi và biến động giá của cổ phiếu trên Sở Giao dịch chứng khoán thành phố Hồ Chí Minh (HOSE). Số liệu được sử dụng trong nghiên cứu này là chuỗi chỉ số VN-Index theo tần suất tuần trong khoảng thời gian từ ngày 01/03/2002 đến ngày 31/12/2019. Để kiểm định sự tồn tại của hiệu ứng tháng trong sự thay đổi giá cổ phiếu, mô hình hồi quy đơn giản (OLS), mô hình GARCH(1,1), mô hình GARCH-M(1,1) và mô hình TGARCH(1,1) được áp dụng trong nghiên cứu này. Kết quả nghiên cứu cho thấy rằng hiệu ứng tháng tồn tại trên HOSE. Cụ thể, giá cổ phiếu sẽ tăng vào tháng Hai. 
650 |a Thị trường chứng khoán,Stock exchanges 
904 |i Hiếu 
910 |c tvtrong 
980 |a Trung tâm Học liệu Trường Đại học Cần Thơ